| 000 | 00490nam a2200157Ia 4500 | ||
|---|---|---|---|
| 003 | GCL | ||
| 008 | 140319s9999 xx 000 0 eng d | ||
| 040 |
_aGCL / _cGCL |
||
| 082 | 0 | 4 |
_a537.623 _bV C |
| 100 | 1 | _aVANDERAH, TERRELL A. | |
| 245 | 1 | 0 |
_aCHEMISTRY OF SUPERCONDUCTOR MATERIALS: PREPARATION CHEMISTRY CHARCTERISATION AND THEARY / _cVANDERAH, TERRELL A. |
| 260 |
_a[S.N] : _bnoyes publications ، _c1991 |
||
| 300 | _a818 | ||
| 650 | 0 | 4 | _aSUPERCONDUCTORS - CHEMISTRY |
| 942 |
_2ddc _cBK |
||
| 999 |
_c25194 _d25194 |
||